00787nam a2200205 i 4500001000700000003000900007005001700016007000300033008004100036080001700077100003600094245016400130250001200294260004200306300002100348700003500369852003200404999001900436952012600455146320ES-MaACL20230906201506.0t|070906s1961 sp ||||1| spa d a849.9-23"19"1 aTrías Fabregas, Juan.911137713aEl cartero Holböll b: fantasía en un acto y en verso escrita en catalán / cpor Juan Trías Fabregas y vertida al castellano por Juan Muñoz García. a2ª ed. aMadrid : bPrensa Española, c1961. a62 p. ; c18 cm.1 aMuñoz García, Juan.984423 aES-MaACLjC-20166 bR.48544 c146320d146320 00104070aATENEOMbATENEOMcGaleríad2008-01-17eSCl0oC-20166p1152721r2023-02-23 00:00:00w2023-02-23yMONOGRAFIA